Представление документа в формате MARC21

Поле Инд. ПП Название Значение
Тип записи a
Библиографический уровень b
001 Контрольный номер RU/IS/BASE/354899635
005 Дата корректировки 20200526192503.1
008 Кодируемые данные 20110331
040 b Код языка каталог. rus
e Правила каталог. PSBO
041 0_ a Код языка текста rus
084 a Индекс другой классификации/Индекс ББК 76.120.8в0; 60.025; 60.027.5
100 1_ a Автор Шайхитдинова С. К.
245 10 a Заглавие От "призвания" к "профессионализму": журналистская деятельность в дискурсе модерна
504 a Библиография Библиогр. и примеч.: с. 71 - 74
520 a Аннотация Автор "разделяет точку зрения теоретиков, которые определяют нашу эпоху как эпоху "последствий модернити"". Сегодня противоречие между "рационализацией человеческого мира и попытками ей противодействовать - растет, усиливая разорванность "ситуации человека", его самоотчуждение", - пишет он и определяет цель статьи - ""приоткрыть" диалектику этого процесса на примере журналистской деятельности, ее понимания со стороны теоретиков и практиков журналистики". Автор выявляет две противоположные интенции, характерные для журналистики, вовлеченной в дискурс модерна, - это рационализация журналистского труда и формирование и становление этики ответственности
650 a Основная рубрика периодическая печать
a Основная рубрика социальная философия
a Основная рубрика средства массовой информации (СМИ)
a Основная рубрика философия
653 a Ключевые слова десакрализация
a Ключевые слова журналистика
a Ключевые слова журналистская деятельность
a Ключевые слова культурная десакрализация
a Ключевые слова культурная сакрализация
a Ключевые слова модерн
a Ключевые слова отчуждение
a Ключевые слова отчуждение труда
a Ключевые слова призвание
a Ключевые слова профессионализм
a Ключевые слова рационализация труда
a Ключевые слова сакрализация
a Ключевые слова философский дискурс
a Ключевые слова этика ответственности
773 08 t Заглавие источника Вестник Московского университета. Серия 7, Философия
d Дата издания источника 2005
g Прочая информация № 2. - С. 56 - 74
w Контрольный № источника RU/IS/BASE/169218947
901 t Тип документа b